000 01587cam a22004574i 4500
003 PE-LiUPU
005 20250731172924.0
008 150623s r 000 0 d
020 _a0800627032
035 _a(Sirsi) i9780800627034
040 _aPE-LiUPU
_bspa
_cPE-LiUPU
_erda
049 _aPRUA
082 0 4 _a222.1106
_bS79
_221
100 1 _aSteinberg, Naomi,
_eautor.
245 1 0 _aKinship and marriage in genesis :
_ba household economics perspective /
_cNaomi Steinberg.
264 1 _aMinneapolis, MN :
_bFortress press,
_c1993.
300 _a162 páginas ;
_c22 centímetros
336 _atext
_2rdacontent
337 _aunmediated
_2rdamedia
338 _avolume
_2rdacarrier
504 _aBibliografía al pie de páginas.
505 0 _aTheoretical considerations. -The sarah-Hagar cycle. -The Rebekah cycle. -The Rachel-Leah cycle. -Conclusions.
526 _aSEG42
526 _aSEG41
526 _aSEG40
526 _aSEG39
526 _aP94
526 _aP87
526 _aP86
526 _aP85
526 _aP77
526 _aP76
526 _aP35
630 _aBiblia.
_pA.T.
_PG énesis
_xCrítica, interpretación, etc.
942 _2ddc
_cBOOK
949 _a222.1106 S79
_wDEWEY
_c1
_i43850
_lCCODEBUL1
_mBUL
_r0
_sY
_tBOOK
_u2015-6-24
_xTEOLOGIA
_PP35
_0COMPRA
_o.STAFF. Colección General
994 _aC0
_bPEPRU
596 _a1
999 _a222.1106 S79
_wDEWEY
_c20250
_i43850
_f2021-11-9
_g6
_lCCODEBUL1
_mBUL
_r0
_sY
_tBOOK
_u2015-6-24
_xTEOLOGIA
_PP35
_0COMPRA
_o.STAFF. Colección General
_d20250
980 _81
_gALBERTO SANCHEZ Responsable de Automatización